00869nam a2200205 a 450000100100000000500170001000800410002702000180006804000250008610000380011124500840014925000120023326000390024530000260028404900090031095201110031995201050043095201110053599900170064600002797620200930031240.0110406s2004 dr a 000 0 spa d a9789993433873 aDO-SdBNPbspacBNPHU1 aAristy Rodríguez, Miguel95503713aLa libertad de ser. :baclaración introductoria /cMiguel Aristy Rodríguez. a2a. ed. a[Santo Domingo],c2004.fMediabyte a31 p. :bil ;c14 cm. aBNPD 0010718DSaGRbGRcCTd2011-04-06iLF1l0o p27976-30r2020-06-25te. 3w2020-06-25yLFDSZNo se presta 0010718PDaPDbPDcCTd2011-04-06iLF1l0o p27976-10r2020-06-25w2020-06-25yLFPDZNo se presta 0010718PDaPDbPDcCTd2011-04-06iLF1l0o p27976-20r2020-06-25te. 2w2020-06-25yLFPDZNo se presta c27468d27468